Kanpai hotsen misterioa / (Registro nro. 10009)

Detalles MARC
000 -LIDER
fixed length control field 00813nam a2200301 b 4500
001 - NÚMERO DE CONTROL
Identificador de número de control 000498741
003 - IDENTIFICACDOR DE NÚMERO DE CONTROL
control field DO-SdBNP
005 - DATE AND TIME OF LATEST TRANSACTION
control field 20180131150322.0
007 - CAMPOS FIJOS DE DESCRIPCIÓN FÍSICA
fixed length control field 000498741
008 - ELEMENTOS DE LONGITUD FIJA
fixed length control field 960806s1995 sp | ||| ||baq
016 7# - NO. DE CONTROL DE LA AGENCIA BIB. NACIONAL
Record control number
Source BPMSU
017 ## - NÚMERO DE REGISTRO DE DERECHOS DE AUTOR
Copyright or legal deposit number
Assigning agency
020 ## - ISBN
International Standard Book Number 8479174765
035 ## - NÚMERO LOCAL
System control number
040 ## - FUENTE DE CATALOGACIÓN
Agencia que crea de manera original el registro BPMSU
Idioma de catalogación spa
Agencia que realiza la transcripción BPMSU
Convenciones de la despripción
041 1# - CÓDIGOS DE OBRAS TRADUCIDAS O EN VARIOS IDIOMAS
Código del idioma del texto/archivo de sonido o separata
Cód. del idioma original y/o traducciones intermedias del texto
080 #0 - NÚMERO DE CLASIFICACIÓN DECIMAL UNIVERSAL
Universal Decimal Classification number
100 1# - ASIENTO PRINCIPAL -- NOMBRE PERSONAL
Nombre personal Docampo, Xabier P.
Fechas asociadas con el nombre 1946-
240 12 - TITULO UNIFORME
Título uniforme
Idioma de una obra
245 1# - MENCIÓN DE TITULO
Título Kanpai hotsen misterioa /
Mención de responsabilidad Xabier P. Docampo ; itzultzailea, Juan Kruz Igerabide ; marrazkiak, Paco Hernández
Medio (Designación general de material)
260 ## - PUBLICACIÓN, DISTRIBUCIÓN, ETC. (PIE DE IMPRENTA)
Lugar de publicación, distribución, etc Donostia :
Nombre del editor, distribuidor, etc. Elkar
Fecha de publicación, distribución, etc 1995
300 ## - DESCRIPCIÓN FÍSICA
Extensión 142 p :
Otros detalles físicos il.
Dimensiones 19 cm
490 1# - MENCIÓN DE SERIES
Mención de serie Xaguxar
Volume/sequential designation 57
830 #0 - ASIENTO SECUNDARIO DE SERIE--TÍTULO UNIFORME
Nombre de la parte o sección de una obra Xaguxar
Volume number/sequential designation 57
942 ## - ADDED ENTRY ELEMENTS (KOHA)
Source of classification or shelving scheme Dewey Decimal Classification
Koha item type Libros
945 ## - INFORMACIÓN DE PROCESAMIENTO LOCAL
Información de procesamiento local Inventariado, 2018 /LP
956 ## - LOCAL ELECTRONIC LOCATION AND ACCESS (OCLC)
Nombre de host VMATEO
Método de acceso 10
Materiales especificados 20160506
Enlace BPMSU
Campo enlazado y núm. de secuencia 00069
Existencias
Withdrawn status Lost status Source of classification or shelving scheme Damaged status Not for loan Collection code Home library Current library Date acquired Source of acquisition Total Checkouts Barcode Date last seen Copy number Price effective from Koha item type
    Dewey Decimal Classification     Colección Juvenil General Biblioteca Pública Metropolitana Salomé Ureña Biblioteca Pública Metropolitana Salomé Ureña 05/06/2016 FUNDI   BPMSU16050125 05/06/2016 05/06/2016 Libros